Normal view
MARC view
- Kane, Henry B
Entry Personal Name
001 - CONTROL NUMBER
- control field: 50690
003 - CONTROL NUMBER IDENTIFIER
- control field: NUST
005 - DATE AND TIME OF LATEST TRANSACTION
- control field: 20210314134726.0
008 - FIXED-LENGTH DATA ELEMENTS
- fixed length control field: 210314|| aca||aabn | a|a d
040 ## - CATALOGING SOURCE
- Original cataloging agency: NUST
- Transcribing agency: NUST
100 ## - HEADING--PERSONAL NAME
- Personal name: Kane, Henry B
670 ## - SOURCE DATA FOUND
- Source citation: Work cat.: (NUST): Thoreau, Henry David, 50689, Thoreau's Walden,, 1946.
